| 000 | 01581aab a2200205 i 4500 | ||
|---|---|---|---|
| 001 | 768714001 | ||
| 003 | CO-MdFUSB | ||
| 005 | 20240618062717.0 | ||
| 008 | 220824s1999 ck ||||| |||| 00| 0 spa d | ||
| 040 |
_bspa _cCO-MdFUSB _dCO-MdFUSB |
||
| 041 | _aspa | ||
| 100 | 1 |
_aGracia, Juan (1966- ) _eautor |
|
| 245 | 1 | 0 |
_aAdaptación cultural : _bmomentos de alegría y/o tristeza _c/ Juan Gracia , Víctoria Gracia |
| 300 |
_aVolumen 18, número 3 (julio - septiembre, 1999), páginas: 15 - 16 _c; 27 cm |
||
| 520 | _aUna de las cosas que se deben tener en cuenta al iniciar la aventura de sumergirnos en una nueva cultura es que , así como aprendimos a ver la vida con ese par de lente llamado "nuestra cultura", muchas veces sin ser conscientes de ello, así también podemos reiniciar el proceso de ponernos el nuevo par de lentes, que es la nueva cultura, y aprender, asimilar e interiorizar la nueva visión que del mundo tiene la sociedad del lugar a donde hemos llegado. Este proceso tiene diferentes momentos. momentos que nos pueden producir tanto alegrías como tristezas. Causas de tristeza: 1. Ser mal interpretados. 2. Cometer errores 3. No poder moverse con naturalidad o ayudar a otros como se hacía en la cultura propia. Causas de alegría: 1. Avanzar en el conocimiento del idioma y la cultura. 2. Ampliar nuestra visión del mundo. 3. Ser aceptados, | ||
| 650 | 0 |
_aMisiones _9154 |
|
| 700 | 1 |
_aGracia, Víctoria _eautor |
|
| 773 | 0 |
_tIglesia y Misión _049402 _959631 _gVolumen 18, número 3 (julio - septiembre, 1999), páginas: 15 - 17 _qpágina: 16 |
|
| 942 | _cANA | ||
| 999 |
_c52403 _d52403 |
||